Manual de derecho civil español

Sparad:
Bibliografiska uppgifter
Huvudupphovsman: Espín Cánovas, Diego (Författare, medförfattare)
Materialtyp: Bok
Språk:spanska
Publicerad: Madrid Revista de Derecho Privado 1979
Upplaga:7a. ed
Serie:Manuales de Derecho, Economía y Hacienda
Ämnen:
Taggar: Lägg till en tagg
Inga taggar, Lägg till första taggen!

MARC

LEADER 00000nam a2200000 a 4500
001 UCS1625
003 CL-VaPUC
008 970515e19790000SP |||||||||||||||||spa|d
082 0 4 |a 346.46  |b ESP  |2 21 
100 0 |a Espín Cánovas, Diego  |e author  |9 386239 
245 1 0 |a Manual de derecho civil español 
250 |a 7a. ed 
300 |a v 
942 |c BK 
945 |d 19970515 00:00:00  |a cmena 
260 |a Madrid  |b Revista de Derecho Privado  |c 1979 
500 |a v.1: Parte general 
650 0 |a Derecho civil  |9 255013 
650 0 |a Derecho español  |9 255291 
650 0 |a Código civil  |9 256135 
650 0 |a Normas jurídicas  |9 258310 
650 0 |a Derecho público   |9 255910 
650 0 |a Tratados internacionales   |9 256056 
650 0 |a Jurisprudencia  |9 255952 
650 0 |a Tribunales  |9 254872 
650 7 |a PERSONA  |2 CL-VaPUC  |9 327934 
650 7 |a ESTADO CIVIL  |2 CL-VaPUC  |9 386240 
650 0 |a Familias   |9 255641 
650 7 |a DOMICILIO  |2 CL-VaPUC  |9 371886 
650 0 |a Personalidad jurídica   |9 315329 
650 0 |a Negocio jurídico  |9 258242 
650 0 |a Derecho comparado  |9 255664 
650 0 |a Derecho alemán   |9 385144 
650 7 |a DERECHO AUSTRIACO  |2 CL-VaPUC  |9 386241 
650 7 |a DERECHO BELGA  |2 CL-VaPUC  |9 385434 
650 0 |a Derecho francés  |9 385145 
650 7 |a DERECHO HOLANDES  |2 CL-VaPUC  |9 385433 
650 0 |a Derecho italiano  |9 385337 
650 7 |a DERECHO PORTUGUES  |2 CL-VaPUC  |9 386242 
650 7 |a DERECHO SUIZO  |2 CL-VaPUC  |9 386243 
650 7 |a DERECHO SOVIETICO  |2 CL-VaPUC  |9 386244 
651 0 |a España  |9 254926 
583 |a last modification  |c 19970515 00:00:00  |k Rodrigo Vera 
490 0 |a Manuales de Derecho, Economía y Hacienda 
999 |c 259662  |d 259660 
952 |0 0  |1 0  |4 0  |6 346_460000000000000_ESP_1979  |7 0  |8 A  |9 284873  |a BIBDER  |b BIBDER  |d 2019-11-19  |h v.1  |i 1852884  |o 346.46 ESP 1979  |p 1852884  |r 2023-01-25  |w 2019-11-19  |y BK  |k DER